000 00415 a2200157 4500
005 20250313150228.0
020 _a978-1-137-28736-6
082 _a337 O'BR
100 _aO'BRIEN,R.
245 _aGlobal Political Economy.
250 _a4thEd.
260 _aNew York,
_bPalgrave Macmillan,
_c2013.
300 _axv,340p.:Ill.;figure,table.
_bReferences , Index.
_c24cm.
700 _aMARC,WILLIAMS.
942 _2ddc
_cBKS
999 _c571
_d571